Statistics for Country Connect by Borders and Proximity

Click here to take the quiz!

General Stats

  • This quiz has been taken 991 times
  • The average score is 126 of 196

Answers on the Map

Answers color-coded by a green-red scale on the quiz's map according to % correct below.
 

Answer Stats

Answer% Correct
Russia
100%
Kazakhstan
98%
Uzbekistan
95%
Iran
93%
Iraq
93%
Saudi Arabia
93%
Turkmenistan
93%
Yemen
93%
Oman
92%
United Arab Emirates
92%
Qatar
89%
Bahrain
87%
Kuwait
86%
Syria
84%
Turkey
84%
Armenia
83%
Azerbaijan
83%
Georgia
83%
Ukraine
81%
Albania
79%
Bulgaria
79%
Greece
79%
Moldova
79%
Romania
79%
Austria
78%
Bosnia and Herzegovina
78%
Croatia
78%
Czech Republic
78%
France
78%
Germany
78%
Hungary
78%
Italy
78%
Kosovo
78%
Montenegro
78%
North Macedonia
78%
Poland
78%
Serbia
78%
Slovakia
78%
Slovenia
78%
Switzerland
78%
Bolivia
76%
Brazil
76%
Colombia
76%
Guyana
76%
Peru
76%
Suriname
76%
Venezuela
76%
Trinidad and Tobago
73%
Grenada
70%
St Lucia
70%
St Vincent and the Grenadines
70%
Antigua and Barbuda
69%
Dominica
69%
St Kitts and Nevis
67%
Canada
66%
Algeria
65%
Bahamas
65%
Belarus
65%
Belgium
65%
Cuba
65%
Denmark
65%
Dominican Republic
65%
Estonia
65%
Finland
65%
Haiti
65%
Ireland
65%
Jamaica
65%
Latvia
65%
Lithuania
65%
Luxembourg
65%
Mali
65%
Mauritania
65%
Morocco
65%
Netherlands
65%
Norway
65%
Portugal
65%
Spain
65%
Sweden
65%
United Kingdom
65%
United States
65%
Angola
64%
Barbados
64%
Benin
64%
Cameroon
64%
DR Congo
64%
Ethiopia
64%
Gambia
64%
Ghana
64%
Guinea
64%
Guinea-Bissau
64%
Ivory Coast
64%
Kenya
64%
Liberia
64%
Nigeria
64%
Senegal
64%
Sierra Leone
64%
Somalia
64%
South Sudan
64%
Sudan
64%
Togo
64%
Botswana
63%
Central African Republic
63%
Chad
63%
Egypt
63%
Eswatini
63%
Lesotho
63%
Libya
63%
Malawi
63%
Mozambique
63%
Namibia
63%
Rwanda
63%
South Africa
63%
Tanzania
63%
Uganda
63%
Zambia
63%
Zimbabwe
63%
Burkina Faso
62%
Burundi
62%
Cyprus
62%
Equatorial Guinea
62%
Gabon
62%
Israel
62%
Jordan
62%
Lebanon
62%
Malta
62%
Niger
62%
Republic of the Congo
62%
Sao Tome and Principe
62%
Tunisia
62%
Vatican City
61%
Liechtenstein
60%
San Marino
60%
Iceland
59%
Monaco
59%
Andorra
58%
Cape Verde
58%
Argentina
56%
Chile
55%
Costa Rica
55%
Ecuador
55%
El Salvador
55%
Guatemala
55%
Honduras
55%
Mexico
55%
Nicaragua
55%
Panama
55%
Paraguay
55%
Uruguay
55%
Belize
54%
Kiribati
54%
Nauru
54%
China
53%
Indonesia
53%
Malaysia
53%
Marshall Islands
53%
Micronesia
53%
Mongolia
53%
Myanmar
53%
Palau
53%
Japan
52%
North Korea
52%
Philippines
52%
South Korea
52%
Taiwan
52%
Thailand
52%
Brunei
51%
Afghanistan
50%
Bangladesh
50%
Cambodia
50%
India
50%
Laos
50%
Nepal
50%
Pakistan
50%
Singapore
50%
Vietnam
50%
Bhutan
49%
Kyrgyzstan
49%
Maldives
49%
Sri Lanka
49%
Tajikistan
49%
Comoros
48%
Madagascar
48%
Mauritius
48%
Seychelles
48%
Australia
47%
Djibouti
47%
Eritrea
47%
Papua New Guinea
47%
Fiji
46%
Solomon Islands
46%
Vanuatu
46%
New Zealand
45%
Samoa
45%
Tonga
45%
Tuvalu
45%
East Timor
43%

Score Distribution

Percentile by Number Answered

Percent of People with Each Score

Your Score History

You have not taken this quiz